[Event "Enghien les Bains 2nd"]
[Site "Enghien les Bains"]
[Date "1997.03.16"]
[Round "3"]
[White "Ivanov, Mikhail M"]
[Black "Dorfman, Josif D"]
[Result "0-1"]
[WhiteElo "2500"]
[BlackElo "2585"]
[Annotator "Ribli,Z"]
[PlyCount "68"]
[EventDate "1997.03.14"]
[EventType "tourn"]
[EventRounds "9"]
[EventCountry "FRA"]
[EventCategory "10"]
[SourceTitle "CBM 058"]
[Source "ChessBase"]
[SourceDate "1997.06.01"]
[SourceVersion "1"]
[SourceVersionDate "1997.06.01"]
[SourceQuality "1"]

1. Nf3 d6 2. d4 Bg4 3. e4 Nf6 4. h3 Bh5 5. Nc3 e6 6. Bd3 {Ein schablonenhafter
Zug. Ich glaube, daß nur die Fortsetzung 6.Qe2 Weiß Chancen auf
Eröffnungsvorteil läßt.Ribli.} (6. Qe2 {[%cal Yg2g4,Yc1g5,Ye1c1,Ya1c1,Ya1d1]})
6... d5 7. e5 $6 (7. O-O dxe4 8. Nxe4 Nbd7 (8... Bxf3 9. Qxf3 $14 Qxd4 $2 10.
Nxf6+ $18 {[%csl Rb7]})) 7... Nfd7 {Schwarz verfügt jetzt über eine einfache
Strategie: mit c5,Nc6 beginnt er aktives Spiel am Damenflügel, weil sein
"traditionell" schlechter weißfarbiger Bc8 auf h5 besser platziert ist.Ribli.}
8. Ne2 {Es ist wahr, daß der Springer nicht besonders gut steht, wenn c5 droht.
Ribli.} Bxf3 9. gxf3 {Diese Bauernstruktur erinnert mich an die 3.
Wettkampfpartie Tal - Botvinnik,1960, als nach 1.e4 c6 2.Nc3 d5 3.Nf3 Bg4 4.h3
Bxf3 der Herausforderer -Tal - das überraschende 5.gxf3 zog. Ich bin der
Meinung, daß solche Doppelbauern auf kürzere oder längere Sicht Schwächen sind.
Ribli.} c5 10. c3 Nc6 11. f4 cxd4 12. cxd4 g6 13. Be3 Nb6 $6 {Diese Springer
steht nicht gut auf b6, aber er provoziert die Schwächung des Damenflügels mit
b2-b3.Ribli.} (13... Be7 $142 {[%cal Ye7h4] /\14...Bh4.Ribli.}) 14. Qb3 (14. b3
Ba3) 14... a6 {[%csl Rc4][%cal Yc6a5,Ya5c4,Yb6c4] Jetzt droht Schwarz mit 15...
Na5.Ribli.} 15. Bd2 Be7 16. a4 {Schwächt das Feld b4, aber das ist jetzt nicht
von Bedeutung.Ribli.} O-O 17. h4 Nc4 $8 {Schwarz spielt den besten Plan, er
opfert einen Bauern für weißfeldrigen Druck und Kompensation. Ansonsten hätte
er nur eine passive Stellung.Ribli.} (17... Bxh4 18. Rxh4 $2 (18. a5 Nc4 (18...
Nd7 19. Qxb7 $16) 19. Bxc4 dxc4 20. Qh3 $18 {[%csl Rh7]}) 18... Qxh4 19. Qxb6
Qh1+ $19) 18. h5 $2 (18. Bxc4 dxc4 (18... Na5 19. Bxa5 Qxa5+ 20. Kf1 dxc4 21.
Qxc4 Rac8 $44) 19. Qxc4 Qd7 $44 {[%cal Ya8c8,Yf8d8] mit folgendem Rac8,Rfd8.
Ribli.}) 18... N6a5 19. Qc2 Nxd2 20. Kxd2 (20. Qxd2 Nb3 $19) 20... Rc8 21. Nc3
Qb6 $17 {Die weiße Aktivität am Königsflügel ist nur scheinbar gefährlich, in
Wirklichkeit hat Schwarz unhaltbare Drohungen.Ribli.} 22. hxg6 {Die einzige
Möglichkeit für Weiß: Flucht nach vorne. Wenn Schwarz den Schlüsselbauern-d4
erobert ist das das Ende für Weiß.Ribli.} Nb3+ 23. Ke1 Nxa1 24. Qe2 (24. gxh7+
Kh8 $19) 24... hxg6 25. Qg4 (25. Bxg6 fxg6 26. Qg4 Kg7 {Das führt zur Partie.
Ribli.}) 25... Kg7 26. Bxg6 (26. Qh3 Rh8 $19) 26... fxg6 27. Rg1 g5 $8 {
Schwarz hat immer nur einen einzigen Zug, aber das reicht zum Gewinn.Ribli.}
28. Qh5 (28. fxg5 Qxb2 $19) 28... Rf5 (28... Qxb2 $4 29. Rxg5+ Bxg5 30. Qxg5+
Kf7 31. Qf6+ Kg8 (31... Ke8 32. Qxe6+ Kd8 33. Qd6+ $11) 32. Qg6+ $11) 29. Rh1
Rg8 $19 {[%cal Yg7f8,Yf8d8] Nach diesem Zug verteidigt Schwarz seine Stellung
auf ewig und gewinnt leicht dank seines Materialvorteils.Ribli.} 30. Qh6+ Kf7
31. Qh7+ Kf8 32. Nxd5 {Der letzte Versuch von Weiss,aber Schwarz wehrt das
leicht ab.Ribli.} Qa5+ 33. Kf1 Qxd5 34. Qh6+ Ke8 {Und Weiss gab seine
verlorene Stellung auf.Ribli.} 0-1

[Event "Horgen CS"]
[Site "Horgen"]
[Date "1994.??.??"]
[Round "5"]
[White "Miles, Anthony John"]
[Black "Benjamin, Joel"]
[Result "1/2-1/2"]
[WhiteElo "2600"]
[BlackElo "2610"]
[Annotator "Ribli,Z"]
[PlyCount "82"]
[EventDate "1994.09.??"]
[EventType "tourn"]
[EventRounds "11"]
[EventCountry "SUI"]
[EventCategory "16"]
[SourceTitle "CBM 043"]
[Source "ChessBase"]
[SourceDate "1994.12.01"]
[SourceVersion "1"]
[SourceVersionDate "1994.12.01"]
[SourceQuality "1"]

1. Nf3 d6 2. d4 Bg4 3. c4 Nd7 4. Qb3 Rb8 5. Nc3 (5. g3 g6 6. Bg2 Bg7 7. Nbd2 c5
$13 {Blatny,P-Jansa,V/Munster/1992/CBM31/}) (5. h3 Bxf3 6. Qxf3 g6 $5 7. Nc3
Bg7 8. e3 c5 $13 {Miles,A-Adams,M/Tilburg/1993/CBM39/}) 5... Bxf3 6. exf3 g6 7.
Be3 Bg7 8. Rd1 c6 9. Be2 Ngf6 10. O-O O-O 11. f4 $6 (11. d5 $5) 11... a6 12. d5
Qa5 13. f5 Nc5 (13... gxf5 $6 14. Qc2 $1 $14) 14. Qc2 cxd5 15. cxd5 Rfc8 16.
Qb1 (16. Bd4 b5 17. a3 b4 18. axb4 Qxb4 $13) 16... Na4 $1 $10 17. Nxa4 Qxa4 18.
fxg6 hxg6 19. Bf3 Qc2 20. Rd2 Qxb1 21. Rxb1 Nd7 (21... Rc7 $5) 22. Bg4 f5 23.
Be2 Rc7 24. h4 Nf6 25. Bb6 Rcc8 26. Rd3 (26. Kf1 Nd7 27. Be3 Nf6 $10) 26... Rc2
27. Bd1 Rc4 28. g3 Rbc8 29. Kg2 Nd7 30. Be3 Nc5 31. Ra3 Rb4 32. Bxc5 Rxc5 33.
Re3 Kf8 34. Bb3 a5 35. a3 Rb6 36. h5 gxh5 37. Rh1 a4 38. Bxa4 Rxb2 39. Rxh5
Rxd5 40. Rb3 Rxb3 41. Bxb3 Rc5 (41... Rc5 42. Be6 $10) 1/2-1/2

[Event "URS-chT Republics 19th Group1"]
[Site "Azov"]
[Date "1991.??.??"]
[Round "1"]
[White "Zilberman, Nathan R"]
[Black "Agrest, Evgenij"]
[Result "0-1"]
[WhiteElo "2400"]
[BlackElo "2480"]
[Annotator "Ribli,Z"]
[PlyCount "52"]
[EventDate "1991.??.??"]
[EventType "team-tourn"]
[EventRounds "5"]
[EventCountry "URS"]
[SourceTitle "EXT 2020"]
[Source "ChessBase"]
[SourceDate "2019.10.17"]
[SourceVersion "1"]
[SourceVersionDate "2019.10.17"]
[SourceQuality "1"]
[WhiteTeam "Kirgizia"]
[BlackTeam "Leningrad"]
[WhiteTeamCountry "KGZ"]
[BlackTeamCountry "RUS"]

1. d4 d6 2. Nf3 Bg4 3. c4 Nd7 4. e4 e5 5. Be3 (5. d5 Be7 6. Nc3 Bxf3 7. Qxf3
Bg5 8. Bxg5 Qxg5 9. g3 a6 10. h4 Qe7 11. Bh3 h5 12. O-O Ndf6 $13 {Razuvaev,
Y-Christiansen,L New York op 1989 CBM/12}) 5... Be7 6. Nc3 Bxf3 7. Qxf3 Bg5 8.
g3 Bxe3 9. Qxe3 Ne7 10. d5 O-O 11. O-O-O f5 12. f3 a5 13. Bh3 f4 14. gxf4 $2 {
>< e5} (14. Qf2 $5) 14... exf4 15. Qe2 Ng6 16. Be6+ Kh8 17. h4 Nc5 18. h5 Ne5
19. Bf5 Qe7 20. Nb5 $2 Rxf5 $1 21. exf5 Ned3+ 22. Kd2 Qf6 23. Nc3 Nxb2 24. Rde1
h6 25. Ne4 Qd4+ 26. Kc2 Nxc4 0-1

[Event "American Continental 2nd"]
[Site "Buenos Aires"]
[Date "2003.08.23"]
[Round "6"]
[White "Monier, Raul"]
[Black "Ivanov, Alexander"]
[Result "0-1"]
[WhiteElo "2405"]
[BlackElo "2538"]
[Annotator "Ribli,Z"]
[PlyCount "94"]
[EventDate "2003.08.17"]
[EventType "swiss"]
[EventRounds "11"]
[EventCountry "ARG"]
[SourceTitle "CBM 097"]
[Source "ChessBase"]
[SourceDate "2003.11.11"]
[SourceVersion "1"]
[SourceVersionDate "2003.11.11"]
[SourceQuality "1"]

1. d4 g6 2. Nf3 Bg7 3. c4 d6 4. Nc3 Bg4 5. e3 {Da das schwarze Spiel sich
gegen den Punkt d4 richtet, verstärkt Weiß den d4-Bauern mit e3. Die
Alternative wäre 5.g3.} Nc6 (5... c5 6. d5 $14 (6. Be2 cxd4 7. exd4 Nh6 $13))
6. Be2 e5 7. d5 Nce7 8. e4 Bxf3 9. Bxf3 h5 $5 {[%cal Gg7h6,Gh6c1] Schwarz
möchte den dunkelfarbigen Läufer tauschen. Seine positionelle Drohung ist 10...
Bh6.} (9... Bh6 10. Bxh6 Nxh6 11. Qd2 Neg8 12. O-O Kf8 13. Rac1 Kg7 14. b4 $14)
10. h4 (10. O-O Nf6 11. Bg5 Nh7 12. Bd2 (12. Be3 Ng8 13. Qd2 Bf6 14. c5 Bg5 15.
cxd6 cxd6 16. Rac1 a6 17. Rc2 Bxe3 18. Qxe3 Ngf6 19. Na4 O-O 20. Nb6 $14) 12...
Ng8 13. Qb3 b6 14. Qb5+ Kf8 15. b4 Bh6 16. Bxh6+ Nxh6 17. c5 Ng4 {0-1 Robatsch,
K-Suttles,D/Nice 1974/EXT 2000 (42)}) (10. Be3 Bh6 11. Qd3 Bxe3 12. Qxe3 Nf6
13. c5 Kf8 14. O-O Kg7 15. Be2 Neg8 16. h3 Nh6 {0-1 Pogorelov,R-Ranola,Y/
Benasque 1998/EXT 2002 (48)}) 10... Bh6 $5 (10... Nf6 11. g3 Qd7 12. Bg2 c5 13.
Bh3 Qd8 14. O-O O-O 15. a3 a6 16. b4 Qc7 17. Qd3 b6 18. Rb1 {1-0 Schmidt,
W-Sznapik,A/Tbilisi 1974/EXT 99 (37)}) 11. g3 (11. Bg5 $5) 11... Bxc1 12. Rxc1
Nf6 (12... f5 $5) 13. O-O O-O 14. Qd2 $14 {Wegen seines Raumvorteils hat Weiß
die etwas besseren Aussichten. Die Stellung trägt geschlossenen Charakter und
der Bf3 steht noch nicht aktiv, kann aber später durch h3 ins Spiel kommen.}
Qd7 15. Bg2 c6 16. dxc6 $6 (16. f3 $5 {[%cal Gg1h2,Gg2h3,Gh3d7] Mit diesem Zug
kann Weiß 17.Kh2 vorbereiten, wonach 18.Bh3 droht.}) 16... Nxc6 $11 {[%csl Yd4]
[%cal Gc6d4]} 17. Rfd1 (17. Ne2) 17... Rfd8 (17... Nd4 18. Ne2 Nxe2+ 19. Qxe2
Qe7 20. Bh3 $14 {[%csl Gh3][%cal Gh3c8]}) 18. Qg5 Kg7 19. Nb5 $6 {Dieser
scheinbar aktive Springerzug gefällt mir nicht - nach a7-a6 muss der Springer
zurückgehen, so dass Weiß ein Tempo verliert.} (19. Ne2 $11) 19... Qe7 20. Qe3
a6 21. Nc3 Nd4 {[%csl Gd4] Der Springer steht ausgezeichnet auf d4 und
dominiert auf dem Brett.} 22. Ne2 (22. Rxd4 $5 {In solchen Stellungen kommt
dieses Qualitätsopfer in Betracht.} exd4 23. Qxd4 Qe5 24. Qd3 $44) 22... Nxe2+
23. Qxe2 Nd7 $36 {[%csl Yd4,Gd7,Rg2][%cal Gd7c5,Gc5e6,Ge6d4,Gd7b8,Gb8c6,Gc6d4]
[%mdl 32] Der andere Springer zielt auch nach d4. Gegen das Springermanöver
nach d4 kann der Bg2 nichts machen.} 24. Bh3 Nb8 25. c5 Nc6 (25... dxc5 26.
Rxd8 Qxd8 27. Rxc5 Nc6 $15 {[%cal Gc6d4]}) 26. Rd5 Nd4 $15 {[%csl Gd4]} 27. Qe3
dxc5 28. Rdxc5 Nc6 {Schwarz muss so spielen, um der weißen Drohung Rc7 zu
begegnen.} 29. Bf1 {[%cal Gf1c4,Gc4d5]} (29. f4 $6 exf4 30. Qxf4 (30. gxf4 Qxh4
$17) 30... Rd4 $17) 29... Rd4 30. a3 Qd6 31. R5c2 {Weiß bereitet 32.Bc4 vor,
aber zuerst muss der c5R zurueckkommen.} Rd1 32. Rxd1 (32. Qb6 $1 Rxc1 33. Rxc1
Qd7 34. Rc5 $11) 32... Qxd1 33. Rc1 Qd7 34. Bc4 Nd4 35. Bd5 {[%csl Gd4,Gd5]
Beide Leichtfiguren stehen aktiv im Zentrum.} Rc8 36. Kg2 (36. Rxc8 Qxc8 $15)
36... a5 37. Rc3 b6 (37... Rxc3 38. bxc3 $11 (38. Qxc3 $11)) 38. Qg5 f6 39. Qe3
Rc7 40. Qc1 Rxc3 41. Qxc3 $6 {[%mdl 4096]} (41. bxc3 $1 Nf5 $11) 41... g5 $1 {
Schwarz hat einige Initiative am Königsflügel.} 42. hxg5 fxg5 43. f3 h4 44. b3
(44. gxh4 gxh4 45. Qe3 Kg6 $15) 44... Qd8 45. Qe3 Qf6 46. b4 axb4 47. axb4 hxg3
{Die Aufgabe in dieser Stellung ist für mich unverständlich - ich kann mir
dafür nur die folgenden Varianten vorstellen:  1. hier wurde die Partie
tatsächlich Remis gegeben,  2. später hat Schwarz seinen kleinen Vorteil
verwertet,  3. Weiß überschritt die Zeit oder  4. Fehler in der Partienotation.
} (47... hxg3 48. Kxg3 $15) 0-1

[Event "Horgen CS"]
[Site "Horgen"]
[Date "1994.??.??"]
[Round "6"]
[White "Gavrikov, Viktor"]
[Black "Miles, Anthony John"]
[Result "0-1"]
[WhiteElo "2600"]
[BlackElo "2600"]
[Annotator "Ribli,Z"]
[PlyCount "112"]
[EventDate "1994.09.??"]
[EventType "tourn"]
[EventRounds "11"]
[EventCountry "SUI"]
[EventCategory "16"]
[SourceTitle "CBM 043"]
[Source "ChessBase"]
[SourceDate "1994.12.01"]
[SourceVersion "1"]
[SourceVersionDate "1994.12.01"]
[SourceQuality "1"]

1. Nf3 d6 2. d4 Bg4 3. c4 Bxf3 4. exf3 e6 (4... c6 5. Nc3 Nf6 6. d5 g6 7. Bd3
Bg7 8. O-O O-O 9. Re1 $14 {Illescas Cordoba,M-Spangenberg,H/Buenos Aires/1993/
CBM35/}) 5. Qb3 (5. Nc3 g6 6. d5 exd5 7. Nxd5 Bg7 8. Qe2+ $14 {Smejkal,J-Miles,
A/Ter Apel/1987/CBM02/}) 5... Qc8 6. d5 e5 7. f4 Nd7 8. Be2 Ngf6 9. O-O Be7 10.
Nc3 O-O 11. Be3 a5 12. Rad1 (12. Qc2 $5 exf4 13. Bxf4 Nc5 14. Be3 Nfd7 15. b3
Bf6 16. Rab1 $13) 12... exf4 13. Bxf4 Nc5 14. Qc2 Nfd7 15. Rfe1 Qd8 16. Nb5 Bf6
17. b3 Re8 18. Bf1 Rxe1 19. Rxe1 Ne5 20. h3 Qd7 21. Bd2 Qd8 22. f4 $6 (22. Bc3
$5) 22... Ng6 23. Kh2 Ne7 24. g4 c6 25. dxc6 bxc6 26. Nc3 Ng6 27. Bg2 Rc8 28.
g5 (28. Ne4 $5) 28... Be7 29. Kg3 $6 (29. Qf5 $5) 29... d5 30. cxd5 Bd6 31. h4
h6 32. Qf5 Ne7 33. Qg4 (33. Rxe7 $1 Bxe7 34. dxc6 $44) 33... h5 $1 34. Qxh5 Nd3
35. Rf1 cxd5 36. Qg4 Bb4 37. Rf3 Nc5 38. Kh3 (38. Kh2 $5) 38... d4 39. Nb1 Nd5
40. Rg3 Rc7 41. g6 fxg6 42. f5 (42. Qxg6 Bxd2 43. Bxd5+ Qxd5 44. Qe8+ Kh7 45.
Qg6+ Kg8 46. Qe8+ $10) 42... Bxd2 43. Nxd2 gxf5 44. Qxd4 $2 (44. Qxf5 Ne3 $15)
44... Ne4 $1 45. Qe5 (45. Nxe4 Nf4+ $19) 45... Nxg3 46. Bxd5+ Kh8 47. Nc4 (47.
Kxg3 Rd7 $19) 47... Re7 48. Be6 Ne4 49. Qd5 (49. Qxf5 Qd3+ $19) 49... Qxd5 50.
Bxd5 Nc3 51. Bf3 Nxa2 52. Nxa5 Nb4 53. Kg3 Kh7 54. Nc4 Kg6 55. Ba8 Kf6 56. Bf3
Re1 0-1

[Event "RUS-ch"]
[Site "Elista"]
[Date "1995.??.??"]
[Round "2"]
[White "Rashkovsky, Nukhim N"]
[Black "Lukin, Andrei M"]
[Result "1-0"]
[WhiteElo "2560"]
[BlackElo "2440"]
[Annotator "Ribli,Z"]
[PlyCount "103"]
[EventDate "1995.10.??"]
[EventType "swiss"]
[EventRounds "11"]
[EventCountry "RUS"]
[SourceTitle "CBM 050"]
[Source "ChessBase"]
[SourceDate "1996.02.01"]
[SourceVersion "1"]
[SourceVersionDate "1996.02.01"]
[SourceQuality "1"]

1. d4 d6 2. Nf3 g6 3. g3 Bg7 4. Bg2 Nc6 $6 {Schwarz will keine bekannnte
Hauptvariante spielen, aber jetzt bekommt Weiss ohne grosse Muehe eine
dauerhafte Initiative und Raumvorteil.} (4... Nf6 $5) 5. d5 Ne5 6. Nxe5 Bxe5 (
6... dxe5 7. O-O f5 8. c4 Nf6 9. Nc3 O-O 10. Qb3 $14 {-> A89}) 7. O-O Bg7 8. c4
Nf6 9. Nc3 O-O 10. Qd2 Bd7 11. b3 c6 12. Bb2 cxd5 13. Nxd5 Nxd5 14. Bxg7 Kxg7
15. Bxd5 $14 Qb6 16. h4 $1 {Dieser Vorstoss ist fuer derartige Stellungen
typisch. Weiss will gegen die geschaefte schwarze Koinigstellung einen Angriff
vorbeiraten.} h6 17. Rfd1 Rac8 18. Rac1 Bc6 19. h5 Bxd5 20. Qc3+ (20. Qxd5 Rc5
21. Qd4+ Re5 22. Qb2 $1 Kh7 (22... gxh5 $2 23. c5 $1 {Nebst /\ f4}) 23. hxg6+
fxg6 $13) 20... Kg8 21. Rxd5 g5 22. Rcd1 Rc5 23. Rxc5 Qxc5 (23... dxc5 $2 24.
Qe5 $16) 24. Rd5 Qb6 (24... Qc6 $2 25. Qe3 $16 {>< a7,e7}) 25. Rb5 Qc6 26. Qd4
(26. Qe3 a6 27. Rb6 Qc7 28. a4 $14) 26... a6 (26... b6 27. f4 $36) 27. Rb6 Qc7
28. a4 Rd8 29. a5 Rd7 30. b4 Qc8 {Weiss ist in der Lage, seinen Turm und seine
Dame sehr gut postieren und die schwarze Koenigstellung ist keine
Lebensversicherung.} 31. Qe4 e6 {Droht /\ d5} (31... Rc7 32. c5 $1 dxc5 33.
Rxh6 $18) 32. Qd4 $1 {>< d6} Qc7 33. Kg2 d5 34. c5 Kh7 (34... e5 $2 35. Qd3 Kg7
36. Qf5 $18) 35. e3 $1 {Der Anziehende kann jetzt in aller Ruhe seine Stellung
verstaerken, weil Schwarz kein Gegenspiel hat.} Qc8 36. Rd6 Qc7 (36... Rxd6 $2
37. cxd6 Qd7 38. Qb6 e5 39. Qc7 Qf5 40. d7 $18) 37. Qe5 Kg8 38. Kh2 $1 Kh7 39.
e4 $1 {Seiner positionellen Ueberlegenheit konnte Weiss mit ein paar
taktischen Schlaegen Nachdruck verleihen.} dxe4 40. Qxe4+ Kg8 41. Qd4 Rxd6 42.
cxd6 Qd7 43. Qc5 Kf8 44. Qe5 Kg8 45. Qd4 $1 {Schwarz ist im Zugzwang.} f5 (
45... Kh7 46. Qf6 $1 Qxd6 47. Qxf7+ Kh8 48. Qf6+ Kg8 49. Qg6+ Kf8 50. Qxh6+ $18
) 46. Qf6 $1 Qxd6 47. Qg6+ Kf8 48. Qxh6+ Ke8 49. Qg6+ Kd7 50. Qxg5 Qd4 (50...
Qxb4 51. h6 $18) 51. Qf4 Qf6 52. h6 {Ribli} 1-0

[Event "Horgen SKA"]
[Site "Horgen"]
[Date "1994.??.??"]
[Round "10"]
[White "Petursson, Margeir"]
[Black "Fioramonti, Hung"]
[Result "1-0"]
[WhiteElo "2540"]
[BlackElo "2415"]
[Annotator "Ribli,Z"]
[PlyCount "53"]
[EventDate "1994.09.??"]
[EventType "tourn"]
[EventRounds "11"]
[EventCountry "SUI"]
[EventCategory "10"]
[SourceTitle "CBM 043"]
[Source "ChessBase"]
[SourceDate "1994.12.01"]
[SourceVersion "1"]
[SourceVersionDate "1994.12.01"]
[SourceQuality "1"]

1. c4 e5 2. Nc3 g6 $6 3. d4 $1 d6 (3... exd4 4. Qxd4 Nf6 5. Bg5 Bg7 6. Qe3+ $14
) 4. dxe5 dxe5 5. Qxd8+ Kxd8 6. f4 $1 Be6 7. Nf3 Nd7 8. fxe5 Bxc4 9. Bf4 Bb4
10. e4 Be6 (10... Bxf1 11. Rxf1 $16) 11. Nd4 Bxc3+ 12. bxc3 Nc5 13. O-O-O Kc8 (
13... Ke8 14. Nb5 $14) 14. Be3 Bg4 (14... Nxe4 $2 15. Nxe6 fxe6 16. Bc4 $18)
15. Nf3 Nd7 16. Bb5 h6 (16... c6 17. Bc4 Bxf3 18. gxf3 Nxe5 19. Bd4 (19. Bb3 $5
$44) 19... f6 20. Be6+ Kc7 21. f4 Nf3 22. Bf2 $18) 17. Rhf1 Ne7 18. h3 a6 19.
Be2 Be6 20. Nd4 Nxe5 (20... Bxa2 21. Kb2 Be6 22. Nxe6 fxe6 23. Rf7 Re8 24. Bg4
Nxe5 25. Bxe6+ Kb8 26. Rxe7 Rxe7 27. Rd8#) 21. Nxe6 fxe6 22. Rf6 N5c6 23. Bxh6
$1 b6 24. Bg5 e5 (24... Kb7 25. Rxe6 $18) 25. Rf7 Re8 26. Bg4+ Kb7 27. Rd7 1-0

[Event "WchT 2nd"]
[Site "Luzern"]
[Date "1989.??.??"]
[Round "7.3"]
[White "Sosonko, Gennadi"]
[Black "Adams, Michael"]
[Result "1/2-1/2"]
[WhiteElo "2540"]
[BlackElo "2505"]
[Annotator "Ribli,Z"]
[PlyCount "37"]
[EventDate "1989.10.27"]
[EventType "team-tourn"]
[EventRounds "9"]
[EventCountry "SUI"]
[SourceTitle "CBM 016"]
[Source "ChessBase"]
[SourceDate "1990.06.01"]
[SourceVersion "1"]
[SourceVersionDate "1990.06.01"]
[SourceQuality "1"]
[WhiteTeam "Netherlands"]
[BlackTeam "England"]
[WhiteTeamCountry "NED"]
[BlackTeamCountry "ENG"]

1. d4 d6 2. Nf3 Bg4 3. c4 Nd7 4. e4 e5 5. Be2 Be7 6. Nc3 (6. d5 Bxf3 7. Bxf3
Bg5 8. Nc3 a5 9. Bxg5 Qxg5 10. O-O Nh6 {Sokolov,I-Miles,A  Biel 1989 CBM/14})
6... Bxf3 7. Bxf3 Bg5 8. Bxg5 Qxg5 9. O-O Qd8 10. Bg4 Ndf6 11. Bh3 Ne7 12. c5
O-O 13. cxd6 cxd6 14. d5 Nd7 15. Rc1 a6 16. a4 Rc8 17. a5 Rc4 18. Qb3 Rd4 19.
Bxd7 1/2-1/2

[Event "GER-ch"]
[Site "Bad Neuenahr"]
[Date "1991.??.??"]
[Round "9"]
[White "Hort, Vlastimil"]
[Black "Hickl, Joerg"]
[Result "1/2-1/2"]
[WhiteElo "2540"]
[BlackElo "2480"]
[Annotator "Ribli,Z"]
[PlyCount "44"]
[EventDate "1991.06.??"]
[EventType "tourn"]
[EventRounds "15"]
[EventCountry "GER"]
[EventCategory "7"]
[SourceTitle "CBM 024"]
[Source "ChessBase"]
[SourceDate "1991.10.01"]
[SourceVersion "1"]
[SourceVersionDate "1991.10.01"]
[SourceQuality "1"]

1. e4 g6 2. d4 d6 3. c4 e5 4. Nc3 exd4 5. Qxd4 Nf6 6. Bg5 Nbd7 $1 (6... Bg7 7.
e5 $1 Qe7 8. Nd5 dxe5 9. Qh4 Nxd5 10. Bxe7 Nxe7 11. c5 $16 {Stefansson-Hansen,
C Moscow GMA op 1989 47/(73)}) 7. f4 h6 8. Bh4 c5 9. Qd3 g5 10. fxg5 Ng4 11.
Nf3 Nde5 12. Qd2 Be7 13. O-O-O Be6 14. Nb5 hxg5 15. Bg3 f6 16. b3 (16. Nxd6+
Bxd6 17. Qxd6 Qxd6 18. Rxd6 Ke7 19. Nxe5 Nxe5 20. Bxe5 fxe5 21. Rd2 Raf8 $44)
16... Nf7 17. Be2 (17. Nxd6+ Bxd6 18. Bxd6 Nxd6 19. Qxd6 Qxd6 20. Rxd6 Nf2 21.
Rg1 Ke7 22. Rd2 Nxe4 $15) 17... Qb6 18. h3 Nge5 19. Nxe5 dxe5 20. Bf3 Rd8 21.
Qc2 a6 22. Nc3 Qa5 1/2-1/2